000 01134cam a2200145 4500500
005 20251214002631.0
041 _afre
042 _adc
100 1 0 _aLeca-Mercier, Florence
_eauthor
700 1 0 _aMercier-Leca, Florence
_eauthor
245 0 0 _aL'adjectif qualificatif
260 _bArmand Colin,
_c2012.
520 _aDestinée aux étudiants débutants ou reprenant contact avec la linguistique, cette synthèse des connaissances linguistiques (syntaxe, sémantique) sur l'adjectif qualificatif offre un exposé très progressif du sujet. Il expose toutes les mises au point théoriques et terminologiques sur les notions-clés, et propose de très nombreux exercices d'application. De nombreuses références bibliographiques permettent d'approfondir les connaissances. Florence Leca Mercier, ancienne élève de l’École normale supérieure, agrégée et docteur en Lettres, est maître de conférences à l’université de Paris IV-Sorbonne, où elle enseigne la grammaire française et la stylistique.
856 4 1 _uhttps://shs.cairn.info/l-adjectif-qualificatif--9782200284145?lang=fr&redirect-ssocas=7080
999 _c1567238
_d1567238